[Event "Stay Safe Play From Home 272"]
[Site "Emanuel Lasker Arena"]
[Date "2020.07.02"]
[Round "2"]
[White "Bardellosport"]
[Black "Klasman"]
[Result "1-0"]
[WhiteElo "1981"]
[BlackElo "1335"]
[PlyCount "35"]
[EventDate "2020.07.02"]
[EventType "swiss (blitz)"]

1. g3 {[%emt 0:00:01]} f5 {[%emt 0:00:01]} 2. Bg2 {[%emt 0:00:00]} e5 {[%emt 0:00:01]} 3. d3 {[%emt 0:00:00]} d5 {[%emt 0:00:01]} 4. Nd2 {[%emt 0:00:00]} Nf6 {[%emt 0:00:02]} 5. e4 {[%emt 0:00:00]} fxe4 {[%emt 0:00:02]} 6. dxe4 {[%emt 0:00:00]} d4 {[%emt 0:00:01]} 7. Qe2 {[%emt 0:00:01]} Be6 {[%emt 0:00:04]} 8. f4 {[%emt 0:00:01]} exf4 {[%emt 0:00:03]} 9. gxf4 {[%emt 0:00:00]} Bg4 {[%emt 0:00:03]} 10. Ngf3 {[%emt 0:00:01]} Bb4 {[%emt 0:00:05]} 11. h3 {[%emt 0:00:01]} Bh5 {[%emt 0:00:05]} 12. O-O {[%emt 0:00:01]} O-O {[%emt 0:00:02]} 13. e5 {[%emt 0:00:01]} Nd5 {[%emt 0:00:07]} 14. Ne4 {[%emt 0:00:01]} Nc6 {[%emt 0:00:05]} 15. Kh2 {[%emt 0:00:03]} Nxf4 {[%emt 0:00:03]} 16. Bxf4 {[%emt 0:00:00]} Rxf4 {[%emt 0:00:02]} 17. Neg5 {[%emt 0:00:01]} Qe8 {[%emt 0:00:13]} 18. Qc4+ {[%emt 0:00:01] Time} 1-0

[Event "Stay Safe Play From Home 272"]
[Site "Emanuel Lasker Arena"]
[Date "2020.07.02"]
[Round "2"]
[White "NeatFox"]
[Black "Greblah"]
[Result "0-1"]
[WhiteElo "1947"]
[BlackElo "1879"]
[PlyCount "104"]
[EventDate "2020.07.02"]
[EventType "swiss (blitz)"]

1. g4 {[%emt 0:00:05]} c6 {[%emt 0:00:00]} 2. Bg2 {[%emt 0:00:02]} d5 {[%emt 0:00:00]} 3. c4 {[%emt 0:00:01]} Bxg4 {[%emt 0:00:01]} 4. cxd5 {[%emt 0:00:00]} cxd5 {[%emt 0:00:01]} 5. Qb3 {[%emt 0:00:00]} e6 {[%emt 0:00:01]} 6. Qa4+ {[%emt 0:00:01]} Qd7 {[%emt 0:00:02]} 7. Qxg4 {[%emt 0:00:00]} Nf6 {[%emt 0:00:02]} 8. Qf3 {[%emt 0:00:03]} Nc6 {[%emt 0:00:00]} 9. Nc3 {[%emt 0:00:01]} Bd6 {[%emt 0:00:01]} 10. e3 {[%emt 0:00:01]} O-O {[%emt 0:00:01]} 11. d4 {[%emt 0:00:01]} Nb4 {[%emt 0:00:03]} 12. Rb1 {[%emt 0:00:02]} Nc2+ {[%emt 0:00:02]} 13. Kf1 {[%emt 0:00:01]} Rac8 {[%emt 0:00:04]} 14. Nge2 {[%emt 0:00:01]} Nb4 {[%emt 0:00:02]} 15. Rg1 {[%emt 0:00:03]} Nd3 {[%emt 0:00:01]} 16. Bh3 {[%emt 0:00:03]} b5 {[%emt 0:00:01]} 17. Qg2 {[%emt 0:00:01]} g6 {[%emt 0:00:01]} 18. Nf4 {[%emt 0:00:02]} Nxc1 {[%emt 0:00:02]} 19. Rxc1 {[%emt 0:00:01]} Bxf4 {[%emt 0:00:01]} 20. exf4 {[%emt 0:00:00]} b4 {[%emt 0:00:01]} 21. Ne2 {[%emt 0:00:01]} Rxc1+ {[%emt 0:00:01]} 22. Nxc1 {[%emt 0:00:00]} Ne4 {[%emt 0:00:01]} 23. Nd3 {[%emt 0:00:02]} Qa4 {[%emt 0:00:01]} 24. f3 {[%emt 0:00:03]} Qd1+ {[%emt 0:00:02]} 25. Ne1 {[%emt 0:00:01]} Nd2+ {[%emt 0:00:01]} 26. Kf2 {[%emt 0:00:01]} b3 {[%emt 0:00:05]} 27. Nd3 {[%emt 0:00:02]} Qc2 {[%emt 0:00:01]} 28. axb3 {[%emt 0:00:01]} Ne4+ {[%emt 0:00:02]} 29. Kf1 {[%emt 0:00:03]} Qxd3+ {[%emt 0:00:01]} 30. Qe2 {[%emt 0:00:00]} Nd2+ {[%emt 0:00:02]} 31. Kf2 {[%emt 0:00:01]} Qxe2+ {[%emt 0:00:01]} 32. Kxe2 {[%emt 0:00:01]} Nxb3 {[%emt 0:00:00]} 33. Rb1 {[%emt 0:00:02]} Nxd4+ {[%emt 0:00:00]} 34. Kd3 {[%emt 0:00:01]} Nf5 {[%emt 0:00:00]} 35. Bxf5 {[%emt 0:00:01]} exf5 {[%emt 0:00:02]} 36. Ra1 {[%emt 0:00:00]} Rb8 {[%emt 0:00:01]} 37. Rxa7 {[%emt 0:00:01]} Rxb2 {[%emt 0:00:01]} 38. Kd4 {[%emt 0:00:01]} Rb4+ {[%emt 0:00:01]} 39. Kxd5 {[%emt 0:00:00]} Rxf4 {[%emt 0:00:01]} 40. Ke5 {[%emt 0:00:00]} Rxf3 {[%emt 0:00:01]} 41. Kf6 {[%emt 0:00:00]} h5 {[%emt 0:00:01]} 42. h4 {[%emt 0:00:02]} Rf4 {[%emt 0:00:01]} 43. Ra8+ {[%emt 0:00:01]} Kh7 {[%emt 0:00:01]} 44. Kxf7 {[%emt 0:00:01]} Rxh4 {[%emt 0:00:01]} 45. Rg8 {[%emt 0:00:01]} Rg4 {[%emt 0:00:01]} 46. Rg7+ {[%emt 0:00:00]} Kh6 {[%emt 0:00:01]} 47. Kf6 {[%emt 0:00:01]} f4 {[%emt 0:00:01]} 48. Rf7 {[%emt 0:00:01]} f3 {[%emt 0:00:01]} 49. Ke7 {[%emt 0:00:00]} f2 {[%emt 0:00:01]} 50. Rxf2 {[%emt 0:00:01]} Re4+ {[%emt 0:00:00]} 51. Kd6 {[%emt 0:00:01]} Kg5 {[%emt 0:00:00]} 52. Rf8 {[%emt 0:00:01]} Rf4 {[%emt 0:00:00] Zeit (Lag: Av=0.32s, max=0.8s)} 0-1

[Event "Stay Safe Play From Home 272"]
[Site "Emanuel Lasker Arena"]
[Date "2020.07.02"]
[Round "2"]
[White "Justwatch"]
[Black "BrainThinker22"]
[Result "0-1"]
[WhiteElo "1673"]
[BlackElo "2281"]
[Annotator "NA"]
[PlyCount "62"]
[EventDate "2020.07.02"]
[EventType "swiss (blitz)"]

1. e4 {[%emt 0:00:01]} c6 {[%emt 0:00:00]} 2. Nf3 {[%emt 0:00:01]} d5 {[%emt 0:00:00]} 3. exd5 {[%emt 0:00:00]} cxd5 {[%emt 0:00:00]} 4. d4 {[%emt 0:00:00]} Nc6 {[%emt 0:00:00]} 5. Be3 {[%emt 0:00:00]} Bf5 {[%emt 0:00:01]} 6. Bb5 {[%emt 0:00:00]} Qa5+ {[%emt 0:00:01]} 7. Nc3 {[%emt 0:00:02]} e6 {[%emt 0:00:00]} 8. Bxc6+ {[%emt 0:00:00]} bxc6 {[%emt 0:00:01]} 9. O-O {[%emt 0:00:01]} Nf6 {[%emt 0:00:02]} 10. Ne5 {[%emt 0:00:01]} Qc7 {[%emt 0:00:01]} 11. Ne2 {[%emt 0:00:02]} Bd6 {[%emt 0:00:01]} 12. Nf3 {[%emt 0:00:02]} O-O {[%emt 0:00:01]} 13. Qd2 {[%emt 0:00:00]} Ng4 {[%emt 0:00:01]} 14. h3 {[%emt 0:00:02]} Nxe3 {[%emt 0:00:01]} 15. fxe3 {[%emt 0:00:00]} Rab8 {[%emt 0:00:01]} 16. b3 {[%emt 0:00:02]} Be4 {[%emt 0:00:01]} 17. Rae1 {[%emt 0:00:03]} Qe7 {[%emt 0:00:01]} 18. Nc3 {[%emt 0:00:01]} f5 {[%emt 0:00:01]} 19. Nxe4 {[%emt 0:00:01]} dxe4 {[%emt 0:00:00]} 20. Nh2 {[%emt 0:00:02]} a5 {[%emt 0:00:02]} 21. c4 {[%emt 0:00:01]} Bb4 {[%emt 0:00:01]} 22. Qe2 {[%emt 0:00:01]} Bxe1 {[%emt 0:00:02]} 23. Qxe1 {[%emt 0:00:00]} a4 {[%emt 0:00:01]} 24. Qd1 {[%emt 0:00:03]} axb3 {[%emt 0:00:01]} 25. axb3 {[%emt 0:00:00]} Qa3 {[%emt 0:00:00]} 26. Qh5 {[%emt 0:00:03]} g6 {[%emt 0:00:01]} 27. Qh6 {[%emt 0:00:01]} Qxb3 {[%emt 0:00:01]} 28. Rf4 {[%emt 0:00:01]} Qxe3+ {[%emt 0:00:01]} 29. Kh1 {[%emt 0:00:01]} Rb1+ {[%emt 0:00:01]} 30. Nf1 {[%emt 0:00:02]} Rxf1+ {[%emt 0:00:00]} 31. Rxf1 {[%emt 0:00:00]} Qxh6 {[%emt 0:00:00] Justwatch terk eder (Lag: Av=0.63s, max=1.3s)} 0-1

[Event "Stay Safe Play From Home 272"]
[Site "Emanuel Lasker Arena"]
[Date "2020.07.02"]
[Round "2"]
[White "Bishop91"]
[Black "Chase the sun"]
[Result "0-1"]
[WhiteElo "1618"]
[BlackElo "1879"]
[Annotator "NA"]
[PlyCount "42"]
[EventDate "2020.07.02"]
[EventType "swiss (blitz)"]

1. d4 {[%emt 0:00:01]} e6 {[%emt 0:00:01]} 2. Nf3 {[%emt 0:00:01]} f5 {[%emt 0:00:00]} 3. e3 {[%emt 0:00:00]} Nf6 {[%emt 0:00:00]} 4. Bd3 {[%emt 0:00:01]} Be7 {[%emt 0:00:01]} 5. O-O {[%emt 0:00:00]} O-O {[%emt 0:00:01]} 6. c4 {[%emt 0:00:00]} d6 {[%emt 0:00:00]} 7. Nc3 {[%emt 0:00:00]} Qe8 {[%emt 0:00:00]} 8. Bd2 {[%emt 0:00:03]} Nc6 {[%emt 0:00:00]} 9. h3 {[%emt 0:00:02]} e5 {[%emt 0:00:01]} 10. dxe5 {[%emt 0:00:01]} dxe5 {[%emt 0:00:00]} 11. e4 {[%emt 0:00:01]} f4 {[%emt 0:00:01]} 12. Nd5 {[%emt 0:00:02]} Bd8 {[%emt 0:00:01]} 13. Qc2 {[%emt 0:00:02]} Qh5 {[%emt 0:00:02]} 14. Rfe1 {[%emt 0:00:02]} Bxh3 {[%emt 0:00:02]} 15. gxh3 {[%emt 0:00:01]} Qxf3 {[%emt 0:00:01]} 16. Nxf6+ {[%emt 0:00:01]} Rxf6 {[%emt 0:00:02]} 17. Bf1 {[%emt 0:00:00]} Rg6+ {[%emt 0:00:03]} 18. Kh2 {[%emt 0:00:00]} Qxf2+ {[%emt 0:00:01]} 19. Kh1 {[%emt 0:00:02]} Qf3+ {[%emt 0:00:02]} 20. Kh2 {[%emt 0:00:01]} Qg3+ {[%emt 0:00:01]} 21. Kh1 {[%emt 0:00:01]} Qg1# {[%emt 0:00:01] (Lag: Av=0.37s, max=0.5s)} 0-1

[Event "Stay Safe Play From Home 272"]
[Site "Emanuel Lasker Arena"]
[Date "2020.07.02"]
[Round "3"]
[White "Broken sword"]
[Black "Mepe_Nika"]
[Result "0-1"]
[WhiteElo "2450"]
[BlackElo "2395"]
[PlyCount "202"]
[EventDate "2020.07.02"]
[EventType "swiss (blitz)"]

1. e4 {[%emt 0:00:02]} g6 {[%emt 0:00:01]} 2. d4 {[%emt 0:00:01]} Bg7 {[%emt 0:00:00]} 3. Nc3 {[%emt 0:00:00]} d6 {[%emt 0:00:01]} 4. Be3 {[%emt 0:00:00]} c6 {[%emt 0:00:01]} 5. Qd2 {[%emt 0:00:01]} b5 {[%emt 0:00:01]} 6. a3 {[%emt 0:00:01]} Nd7 {[%emt 0:00:00]} 7. f4 {[%emt 0:00:01]} Nb6 {[%emt 0:00:00]} 8. Nf3 {[%emt 0:00:01]} Nc4 {[%emt 0:00:01]} 9. Bxc4 {[%emt 0:00:01]} bxc4 {[%emt 0:00:00]} 10. e5 {[%emt 0:00:00]} Rb8 {[%emt 0:00:01]} 11. Rb1 {[%emt 0:00:01]} Bg4 {[%emt 0:00:01]} 12. O-O {[%emt 0:00:01]} d5 {[%emt 0:00:01]} 13. h3 {[%emt 0:00:01]} Bxf3 {[%emt 0:00:01]} 14. Rxf3 {[%emt 0:00:00]} e6 {[%emt 0:00:00]} 15. b3 {[%emt 0:00:02]} cxb3 {[%emt 0:00:01]} 16. cxb3 {[%emt 0:00:00]} Ne7 {[%emt 0:00:01]} 17. b4 {[%emt 0:00:01]} O-O {[%emt 0:00:00]} 18. Na4 {[%emt 0:00:01]} a5 {[%emt 0:00:01]} 19. Nc5 {[%emt 0:00:02]} axb4 {[%emt 0:00:01]} 20. axb4 {[%emt 0:00:00]} Nf5 {[%emt 0:00:03]} 21. Rff1 {[%emt 0:00:01]} Ra8 {[%emt 0:00:01]} 22. Bf2 {[%emt 0:00:01]} Ne7 {[%emt 0:00:01]} 23. Ra1 {[%emt 0:00:01]} Qb6 {[%emt 0:00:02]} 24. Rfb1 {[%emt 0:00:03]} Qb5 {[%emt 0:00:01]} 25. Bh4 {[%emt 0:00:03]} Nf5 {[%emt 0:00:01]} 26. Bf2 {[%emt 0:00:01]} h5 {[%emt 0:00:02]} 27. g4 {[%emt 0:00:01]} hxg4 {[%emt 0:00:02]} 28. hxg4 {[%emt 0:00:00]} Nh6 {[%emt 0:00:00]} 29. Qd1 {[%emt 0:00:00]} Qc4 {[%emt 0:00:02]} 30. Be3 {[%emt 0:00:04]} Qc3 {[%emt 0:00:01]} 31. Qd2 {[%emt 0:00:02]} Qxa1 {[%emt 0:00:02]} 32. Rxa1 {[%emt 0:00:01]} Rxa1+ {[%emt 0:00:00]} 33. Kg2 {[%emt 0:00:00]} Rfa8 {[%emt 0:00:01]} 34. Kf3 {[%emt 0:00:01]} R8a2 {[%emt 0:00:02]} 35. Qc3 {[%emt 0:00:02]} Ra3 {[%emt 0:00:01]} 36. Qb2 {[%emt 0:00:01]} R1a2 {[%emt 0:00:01]} 37. Qb1 {[%emt 0:00:00]} Rh2 {[%emt 0:00:02]} 38. Qf1 {[%emt 0:00:04]} Raa2 {[%emt 0:00:02]} 39. Nd7 {[%emt 0:00:03]} Rag2 {[%emt 0:00:01]} 40. Qxg2 {[%emt 0:00:01]} Rxg2 {[%emt 0:00:01]} 41. Kxg2 {[%emt 0:00:00]} Nxg4 {[%emt 0:00:00]} 42. Kf3 {[%emt 0:00:01]} Nxe3 {[%emt 0:00:01]} 43. Kxe3 {[%emt 0:00:00]} Bf8 {[%emt 0:00:00]} 44. Nb8 {[%emt 0:00:01]} Bxb4 {[%emt 0:00:01]} 45. Nxc6 {[%emt 0:00:00]} Bf8 {[%emt 0:00:01]} 46. Na5 {[%emt 0:00:01]} Kg7 {[%emt 0:00:00]} 47. Nb3 {[%emt 0:00:01]} f6 {[%emt 0:00:00]} 48. Kf3 {[%emt 0:00:01]} fxe5 {[%emt 0:00:00]} 49. fxe5 {[%emt 0:00:00]} Kf7 {[%emt 0:00:00]} 50. Kg4 {[%emt 0:00:00]} Bh6 {[%emt 0:00:00]} 51. Nc5 {[%emt 0:00:01]} Be3 {[%emt 0:00:01]} 52. Nb3 {[%emt 0:00:00]} Bg1 {[%emt 0:00:01]} 53. Kf3 {[%emt 0:00:00]} Kg7 {[%emt 0:00:00]} 54. Kg2 {[%emt 0:00:00]} Be3 {[%emt 0:00:01]} 55. Kf3 {[%emt 0:00:00]} Bh6 {[%emt 0:00:01]} 56. Kg4 {[%emt 0:00:00]} Kf7 {[%emt 0:00:00]} 57. Kf3 {[%emt 0:00:00]} Bf8 {[%emt 0:00:01]} 58. Kg4 {[%emt 0:00:00]} Bg7 {[%emt 0:00:00]} 59. Kf3 {[%emt 0:00:00]} Bh6 {[%emt 0:00:00]} 60. Kg4 {[%emt 0:00:00]} g5 {[%emt 0:00:00]} 61. Kf3 {[%emt 0:00:00]} Kg6 {[%emt 0:00:00]} 62. Kg4 {[%emt 0:00:00]} Bg7 {[%emt 0:00:00]} 63. Nc5 {[%emt 0:00:00]} Kf7 {[%emt 0:00:01]} 64. Nb3 {[%emt 0:00:01]} Bf8 {[%emt 0:00:00]} 65. Kxg5 {[%emt 0:00:00]} Be7+ {[%emt 0:00:01]} 66. Kf4 {[%emt 0:00:00]} Bf8 {[%emt 0:00:00]} 67. Ke3 {[%emt 0:00:00]} Be7 {[%emt 0:00:00]} 68. Kd3 {[%emt 0:00:00]} Bg5 {[%emt 0:00:00]} 69. Nc5 {[%emt 0:00:01]} Be7 {[%emt 0:00:00]} 70. Nb7 {[%emt 0:00:00]} Kg6 {[%emt 0:00:01]} 71. Na5 {[%emt 0:00:00]} Kf5 {[%emt 0:00:00]} 72. Nc6 {[%emt 0:00:00]} Bg5 {[%emt 0:00:00]} 73. Nb8 {[%emt 0:00:00]} Bh4 {[%emt 0:00:00]} 74. Nc6 {[%emt 0:00:00]} Bg3 {[%emt 0:00:00]} 75. Nb8 {[%emt 0:00:00]} Bh2 {[%emt 0:00:00]} 76. Nc6 {[%emt 0:00:01]} Bg1 {[%emt 0:00:00]} 77. Ne7+ {[%emt 0:00:00]} Kg5 {[%emt 0:00:01]} 78. Nc6 {[%emt 0:00:00]} Kf5 {[%emt 0:00:00]} 79. Nd8 {[%emt 0:00:00]} Kg4 {[%emt 0:00:00]} 80. Nxe6 {[%emt 0:00:00]} Bxd4 {[%emt 0:00:00]} 81. Nc7 {[%emt 0:00:00]} Bxe5 {[%emt 0:00:00]} 82. Nxd5 {[%emt 0:00:00]} Kf5 {[%emt 0:00:00]} 83. Nb4 {[%emt 0:00:00]} Ke6 {[%emt 0:00:00]} 84. Nc2 {[%emt 0:00:00]} Kd7 {[%emt 0:00:00]} 85. Ne1 {[%emt 0:00:00]} Ke8 {[%emt 0:00:00] Mepe_Nika offers a draw} 86. Nf3 {[%emt 0:00:00]} Kd8 {[%emt 0:00:00]} 87. Ke4 {[%emt 0:00:00]} Kc8 {[%emt 0:00:00]} 88. Kf5 {[%emt 0:00:00]} Kb8 {[%emt 0:00:00]} 89. Ke6 {[%emt 0:00:00]} Ka8 {[%emt 0:00:00]} 90. Ng5 {[%emt 0:00:00]} Ka7 {[%emt 0:00:00]} 91. Nf7 {[%emt 0:00:00]} Ka8 {[%emt 0:00:00]} 92. Nd8 {[%emt 0:00:00]} Ka7 {[%emt 0:00:00]} 93. Kd7 {[%emt 0:00:00]} Ka6 {[%emt 0:00:00]} 94. Nc6 {[%emt 0:00:00]} Kb5 {[%emt 0:00:00]} 95. Ke6 {[%emt 0:00:00]} Ka4 {[%emt 0:00:00]} 96. Nb8 {[%emt 0:00:02]} Kb3 {[%emt 0:00:00]} 97. Nd7 {[%emt 0:00:00]} Ka2 {[%emt 0:00:00]} 98. Kd5 {[%emt 0:00:00]} Kb1 {[%emt 0:00:00]} 99. Ke4 {[%emt 0:00:00]} Kc1 {[%emt 0:00:00]} 100. Kf3 {[%emt 0:00:00]} Kd1 {[%emt 0:00:00]} 101. Ke4 {[%emt 0:00:00]} Kc1 {[%emt 0:00:00]} 0-1

[Event "Stay Safe Play From Home 272"]
[Site "Emanuel Lasker Arena"]
[Date "2020.07.02"]
[Round "3"]
[White "Uber_WING"]
[Black "BrainThinker22"]
[Result "1/2-1/2"]
[WhiteElo "2424"]
[BlackElo "2282"]
[Annotator "NA"]
[PlyCount "69"]
[EventDate "2020.07.02"]
[EventType "swiss (blitz)"]

1. e4 {[%emt 0:00:01]} c6 {[%emt 0:00:01]} 2. Nc3 {[%emt 0:00:00]} d5 {[%emt 0:00:00]} 3. d3 {[%emt 0:00:00]} d4 {[%emt 0:00:01]} 4. Nce2 {[%emt 0:00:01]} c5 {[%emt 0:00:00]} 5. g3 {[%emt 0:00:00]} Bg4 {[%emt 0:00:00]} 6. Bg2 {[%emt 0:00:00]} Bxe2 {[%emt 0:00:00]} 7. Nxe2 {[%emt 0:00:00]} Nc6 {[%emt 0:00:00]} 8. f4 {[%emt 0:00:00]} e5 {[%emt 0:00:00]} 9. O-O {[%emt 0:00:00]} Bd6 {[%emt 0:00:01]} 10. h3 {[%emt 0:00:00]} Nf6 {[%emt 0:00:01]} 11. g4 {[%emt 0:00:01]} O-O {[%emt 0:00:01]} 12. fxe5 {[%emt 0:00:00]} h6 {[%emt 0:00:00]} 13. Bf4 {[%emt 0:00:01]} Bxe5 {[%emt 0:00:01]} 14. Bxe5 {[%emt 0:00:00]} Nxe5 {[%emt 0:00:00]} 15. Qd2 {[%emt 0:00:00]} Qc7 {[%emt 0:00:02]} 16. Nf4 {[%emt 0:00:01]} Rad8 {[%emt 0:00:01]} 17. Nh5 {[%emt 0:00:00]} Nxh5 {[%emt 0:00:01]} 18. gxh5 {[%emt 0:00:00]} Qe7 {[%emt 0:00:01]} 19. Rf5 {[%emt 0:00:00]} f6 {[%emt 0:00:01]} 20. Raf1 {[%emt 0:00:00]} Nc6 {[%emt 0:00:01]} 21. Qf2 {[%emt 0:00:01]} Qd6 {[%emt 0:00:01]} 22. Qh4 {[%emt 0:00:00]} Rfe8 {[%emt 0:00:02]} 23. Qf4 {[%emt 0:00:01]} Qxf4 {[%emt 0:00:01]} 24. R1xf4 {[%emt 0:00:00]} Re5 {[%emt 0:00:00]} 25. Rxe5 {[%emt 0:00:01]} Nxe5 {[%emt 0:00:00]} 26. Rf5 {[%emt 0:00:00]} b6 {[%emt 0:00:01]} 27. Kf2 {[%emt 0:00:01]} Nf7 {[%emt 0:00:01]} 28. b3 {[%emt 0:00:01]} Nd6 {[%emt 0:00:00]} 29. Rf3 {[%emt 0:00:01]} Re8 {[%emt 0:00:00]} 30. a4 {[%emt 0:00:01]} Re5 {[%emt 0:00:00]} 31. Rg3 {[%emt 0:00:04]} Rg5 {[%emt 0:00:01]} 32. Bf3 {[%emt 0:00:00]} Rxg3 {[%emt 0:00:01]} 33. Kxg3 {[%emt 0:00:00]} Kf7 {[%emt 0:00:01]} 34. Kf4 {[%emt 0:00:00]} Ke6 {[%emt 0:00:00] Uber_WING offers a draw} 35. Bg4+ {[%emt 0:00:02] (Lag: Av=0.49s, max=0.8s)} 1/2-1/2

[Event "Stay Safe Play From Home 272"]
[Site "Emanuel Lasker Arena"]
[Date "2020.07.02"]
[Round "3"]
[White "Metehun"]
[Black "Bardellosport"]
[Result "1-0"]
[WhiteElo "2409"]
[BlackElo "1982"]
[PlyCount "37"]
[EventDate "2020.07.02"]
[EventType "swiss (blitz)"]

1. d4 {[%emt 0:00:01]} g6 {[%emt 0:00:01]} 2. Nf3 {[%emt 0:00:01]} Bg7 {[%emt 0:00:00]} 3. h4 {[%emt 0:00:00]} d6 {[%emt 0:00:00]} 4. h5 {[%emt 0:00:00]} Nd7 {[%emt 0:00:01]} 5. h6 {[%emt 0:00:01]} Bf8 {[%emt 0:00:01]} 6. Nc3 {[%emt 0:00:00]} f6 {[%emt 0:00:01]} 7. e4 {[%emt 0:00:01]} e5 {[%emt 0:00:01]} 8. Bc4 {[%emt 0:00:01]} c6 {[%emt 0:00:01]} 9. Bb3 {[%emt 0:00:01]} Nb6 {[%emt 0:00:01]} 10. Be3 {[%emt 0:00:04]} Qe7 {[%emt 0:00:01]} 11. dxe5 {[%emt 0:00:02]} fxe5 {[%emt 0:00:01]} 12. Ng5 {[%emt 0:00:02]} Nf6 {[%emt 0:00:02]} 13. Nf7 {[%emt 0:00:01]} Rg8 {[%emt 0:00:01]} 14. Bg5 {[%emt 0:00:03]} Be6 {[%emt 0:00:01]} 15. Nxd6+ {[%emt 0:00:04]} Kd8 {[%emt 0:00:02]} 16. Nf5+ {[%emt 0:00:03]} Qd7 {[%emt 0:00:02]} 17. Bxf6+ {[%emt 0:00:01]} Kc8 {[%emt 0:00:02]} 18. Bxe6 {[%emt 0:00:01]} Qxe6 {[%emt 0:00:01]} 19. Qd8# {[%emt 0:00:01] (Lag: Av=0.30s, max=0.4s)} 1-0

[Event "Stay Safe Play From Home 272"]
[Site "Emanuel Lasker Arena"]
[Date "2020.07.02"]
[Round "3"]
[White "Jhhonnyy"]
[Black "Trotsky"]
[Result "1-0"]
[WhiteElo "2303"]
[BlackElo "1620"]
[PlyCount "37"]
[EventDate "2020.07.02"]
[EventType "swiss (blitz)"]

1. d4 {[%emt 0:00:01]} d5 {[%emt 0:00:01]} 2. c4 {[%emt 0:00:00]} e6 {[%emt 0:00:00]} 3. Nf3 {[%emt 0:00:00]} c5 {[%emt 0:00:01]} 4. cxd5 {[%emt 0:00:01]} exd5 {[%emt 0:00:01]} 5. g3 {[%emt 0:00:00]} Be6 {[%emt 0:00:01]} 6. Bg2 {[%emt 0:00:00]} Nf6 {[%emt 0:00:02]} 7. O-O {[%emt 0:00:00]} Nc6 {[%emt 0:00:01]} 8. Nc3 {[%emt 0:00:00]} c4 {[%emt 0:00:01]} 9. Bg5 {[%emt 0:00:02]} Bd6 {[%emt 0:00:01]} 10. e4 {[%emt 0:00:01]} Qc7 {[%emt 0:00:01]} 11. e5 {[%emt 0:00:01]} Nxe5 {[%emt 0:00:01]} 12. dxe5 {[%emt 0:00:00]} Bxe5 {[%emt 0:00:01]} 13. Nxe5 {[%emt 0:00:01]} Qxe5 {[%emt 0:00:01]} 14. Bf4 {[%emt 0:00:01]} Qf5 {[%emt 0:00:03]} 15. Qa4+ {[%emt 0:00:03]} Bd7 {[%emt 0:00:03]} 16. Rfe1+ {[%emt 0:00:02]} Ne4 {[%emt 0:00:03]} 17. Qb4 {[%emt 0:00:02]} g5 {[%emt 0:00:05]} 18. Nxe4 {[%emt 0:00:01]} gxf4 {[%emt 0:00:02]} 19. Nd6+ {[%emt 0:00:03] Trotsky Ñäàåòñÿ (Lag: Av=0.21s, max=0.4s)} 1-0

[Event "Stay Safe Play From Home 272"]
[Site "Emanuel Lasker Arena"]
[Date "2020.07.02"]
[Round "3"]
[White "NeatFox"]
[Black "Bishop91"]
[Result "1-0"]
[WhiteElo "1927"]
[BlackElo "1611"]
[Annotator "NA"]
[PlyCount "101"]
[EventDate "2020.07.02"]
[EventType "swiss (blitz)"]

1. g4 {[%emt 0:00:01]} e6 {[%emt 0:00:00]} 2. Bg2 {[%emt 0:00:00]} d5 {[%emt 0:00:01]} 3. c3 {[%emt 0:00:00]} Bd6 {[%emt 0:00:01]} 4. Qb3 {[%emt 0:00:00]} Ne7 {[%emt 0:00:01]} 5. h4 {[%emt 0:00:01]} Nbc6 {[%emt 0:00:01]} 6. g5 {[%emt 0:00:00]} b6 {[%emt 0:00:02]} 7. Nf3 {[%emt 0:00:01]} Bb7 {[%emt 0:00:03]} 8. d4 {[%emt 0:00:00]} Qd7 {[%emt 0:00:01]} 9. Nbd2 {[%emt 0:00:01]} O-O-O {[%emt 0:00:00]} 10. e3 {[%emt 0:00:00]} e5 {[%emt 0:00:02]} 11. dxe5 {[%emt 0:00:01]} Nxe5 {[%emt 0:00:00]} 12. Nxe5 {[%emt 0:00:01]} Bxe5 {[%emt 0:00:00]} 13. Qc2 {[%emt 0:00:01]} Kb8 {[%emt 0:00:02]} 14. Nf3 {[%emt 0:00:03]} Bd6 {[%emt 0:00:02]} 15. Nd4 {[%emt 0:00:01]} Nc6 {[%emt 0:00:02]} 16. Nf5 {[%emt 0:00:02]} g6 {[%emt 0:00:02]} 17. Nxd6 {[%emt 0:00:01]} Qxd6 {[%emt 0:00:00]} 18. Bd2 {[%emt 0:00:02]} Rhe8 {[%emt 0:00:04]} 19. O-O-O {[%emt 0:00:00]} Ne5 {[%emt 0:00:00]} 20. Kb1 {[%emt 0:00:01]} Nc4 {[%emt 0:00:01]} 21. Rhg1 {[%emt 0:00:02]} Nxd2+ {[%emt 0:00:02]} 22. Rxd2 {[%emt 0:00:01]} Qc5 {[%emt 0:00:01]} 23. Qd3 {[%emt 0:00:02]} a5 {[%emt 0:00:02]} 24. Rgd1 {[%emt 0:00:02]} c6 {[%emt 0:00:01]} 25. Bh3 {[%emt 0:00:01]} Ka7 {[%emt 0:00:01]} 26. Bf1 {[%emt 0:00:03]} Re4 {[%emt 0:00:01]} 27. f3 {[%emt 0:00:02]} Rxh4 {[%emt 0:00:01]} 28. f4 {[%emt 0:00:01]} Rh3 {[%emt 0:00:02]} 29. Re2 {[%emt 0:00:01]} Rg3 {[%emt 0:00:02]} 30. Rde1 {[%emt 0:00:01]} f6 {[%emt 0:00:02]} 31. Rf2 {[%emt 0:00:01]} fxg5 {[%emt 0:00:01]} 32. fxg5 {[%emt 0:00:01]} Re8 {[%emt 0:00:01]} 33. Rf7 {[%emt 0:00:02]} Rgxe3 {[%emt 0:00:01]} 34. Rxe3 {[%emt 0:00:00]} Rxe3 {[%emt 0:00:01]} 35. Qd2 {[%emt 0:00:01]} Re5 {[%emt 0:00:02]} 36. Rxh7 {[%emt 0:00:01]} Qg1 {[%emt 0:00:03]} 37. Qc1 {[%emt 0:00:02]} Rxg5 {[%emt 0:00:01]} 38. Bd3 {[%emt 0:00:03]} Qe3 {[%emt 0:00:03]} 39. Qxe3 {[%emt 0:00:01]} Rg1+ {[%emt 0:00:00]} 40. Kc2 {[%emt 0:00:01]} Rg2+ {[%emt 0:00:01]} 41. Be2 {[%emt 0:00:01]} Rg4 {[%emt 0:00:00]} 42. Bxg4 {[%emt 0:00:01]} a4 {[%emt 0:00:01]} 43. Rg7 {[%emt 0:00:00]} Ka6 {[%emt 0:00:00]} 44. Rxg6 {[%emt 0:00:01]} b5 {[%emt 0:00:00]} 45. Rxc6+ {[%emt 0:00:01]} Bxc6 {[%emt 0:00:01]} 46. Qc5 {[%emt 0:00:00]} Kb7 {[%emt 0:00:01]} 47. Be6 {[%emt 0:00:01]} a3 {[%emt 0:00:01]} 48. Bxd5 {[%emt 0:00:01]} Bxd5 {[%emt 0:00:03]} 49. Qxd5+ {[%emt 0:00:00]} Kb6 {[%emt 0:00:00]} 50. bxa3 {[%emt 0:00:00]} Ka5 {[%emt 0:00:00]} 51. Qxb5+ {[%emt 0:00:01] Time (Lag: Av=0.33s, max=0.7s)} 1-0